| 000 | 00599nam a2200157 a 4500 | ||
|---|---|---|---|
| 001 | 000040151 | ||
| 005 | 20201002033940.0 | ||
| 008 | 130809s1969 ag 000 0 spa d | ||
| 040 |
_aDO-SdBNP _bspa _cBNPHU |
||
| 245 | 0 | 0 |
_aEvolución política y comunicación de masas / _cselección y prefacio Lucian W. Pye ; traducción Jean Puglisi. |
| 260 |
_aBuenos Aires, Argentina : _bEdiciones Troquel, _c1969. |
||
| 300 |
_a441 p. : _bil. ; _c23 cm. |
||
| 534 |
_pTítulo original: _kCommunications and political development |
||
| 700 | 1 |
_aPye, Lucian W., _epref. _966423 |
|
| 700 | 1 |
_aPuglisi, Jean, _etr. _966424 |
|
| 999 |
_c39641 _d39641 |
||